Sieť stredných odborných škôl a gymnázií v školskom roku 1994/95

Na minha lista:
Detalhes bibliográficos
Formato: Livro
Idioma:eslovaco
Publicado em: Bratislava Ústav informácií a prognóz školstva, mládeže a telovýchovy 1994
Assuntos:
Tags: Adicionar Tag
Sem tags, seja o primeiro a adicionar uma tag!

MARC

LEADER 00000nam a2200000 4500
001 c010087
005 20251212091329.6
041 0 |a slo 
044 |a SK 
245 1 0 |a Sieť stredných odborných škôl a gymnázií v školskom roku 1994/95 
264 1 |a Bratislava  |b Ústav informácií a prognóz školstva, mládeže a telovýchovy  |c 1994 
300 |a 168 s. 
610 2 0 |a Slovensko 
610 2 0 |a školstvo 
610 2 0 |a vzdelávanie 
610 2 0 |a školy stredné odborné 
610 2 0 |a školy stredné 
610 2 0 |a gymnáziá